000 00405nam a2200157Ia 4500
005 20250701015844.0
008 240331s9999 xx 000 0 und d
020 _a955569205x
082 _bHOR
_a891
100 _aHorana, Nimal
245 0 _aThalweta addara diriya mawa
260 _aColombo
_bRatna Book Publishers
_c1988
300 _a238 p .,
500 _aMother Diriya by the palm Fence
942 _cL
999 _c4792
_d4792